La Administración reguladora de la Economía / (Record no. 111784)

MARC details
000 -LEADER
campo de control de longitud fija 00784nam a2200217 4500
001 - NÚMERO DE CONTROL
campo de control 111784
003 - IDENTIFICADOR DE NÚMERO DE CONTROL
campo de control ES-MaACL
007 - CAMPO FIJO DE DESCRIPCIÓN FÍSICA--INFORMACIÓN GENERAL
campo de control de longitud fija t|
008 - DATOS DE LONGITUD FIJA--INFORMACIÓN GENERAL
campo de control de longitud fija 061121s1967 sp r ||||1| spa d
100 1# - ENTRADA PRINCIPAL--NOMBRE DE PERSONA
Nombre de persona Neumann, Peter.
9 (RLIN) 85448
245 13 - MENCIÓN DEL TÍTULO
Título La Administración reguladora de la Economía /
Mención de responsabilidad, etc. Peter Neumann; [traducción: Celestino Fernández de la Vega].
250 ## - MENCION DE EDICION
Mención de edición 1ª ed.
260 ## - PUBLICACIÓN, DISTRIBUCIÓN, ETC.
Lugar de publicación, distribución, etc. Madrid :
Nombre del editor, distribuidor, etc. Escuela Nacional de Administración Pública,
Fecha de publicación, distribución, etc. 1967.
300 ## - DESCRIPCIÓN FÍSICA
Extensión 197 p. ;
Dimensiones 21 cm.
490 1# - MENCIÓN DE SERIE
Mención de serie Estudios administrativos ;
Designación de volumen o secuencia 28
700 1# - ENTRADA AGREGADA--NOMBRE PERSONAL
Nombre de persona Fernández de la Vega, Celestino.
9 (RLIN) 49678
710 2# - ENTRADA AGREGADA--NOMBRE DE ENTIDAD CORPORATIVA
Nombre de entidad corporativa o nombre de jurisdicción como elemento de entrada Escuela Nacional de Administración Pública (España)
9 (RLIN) 3576
830 0# - PUNTO DE ACCESO ADICIONAL DE SERIE-TÍTULO UNIFORME
Título uniforme Estudios administrativos ;
Designación de volumen o secuencia 28
9 (RLIN) 181549
852 ## - LOCALIZACIÓN
Ubicación ES-MaACL
Número de control de estantería E-5777
Sublocalización o colección R.90211
Holdings
Estatus retirado Estado de pérdida Estado de daño No para préstamo Biblioteca de origen Biblioteca actual Ubicación en estantería Fecha de adquisición Fuente de adquisición Total de préstamos Signatura topográfica completa Código de barras Visto por última vez Precio de reemplazo Tipo de ítem Koha
        Biblioteca del Ateneo de Madrid Biblioteca del Ateneo de Madrid Depósito 2 17/01/2008     E-5777 1116608 23/02/2023 23/02/2023 Libro impreso